Normal view
MARC view
- Azad, Abulklam
Entry Personal Name
001 - CONTROL NUMBER
- control field: 111519
003 - CONTROL NUMBER IDENTIFIER
- control field: NUST
005 - DATE AND TIME OF LATEST TRANSACTION
- control field: 20230328124014.0
008 - FIXED-LENGTH DATA ELEMENTS
- fixed length control field: 230328|| aca||aabn | a|a d
040 ## - CATALOGING SOURCE
- Original cataloging agency: NUST
- Transcribing agency: NUST
100 ## - HEADING--PERSONAL NAME
- Personal name: Azad, Abulklam
670 ## - SOURCE DATA FOUND
- Source citation: Work cat.: (NUST)186100: Azad, Abulklam, Ghubar e Khatir / غبار خاطر (Urdu) /, 1949
